The rover / (Record no. 19562)
[ view plain ]
| 000 -LEADER | |
|---|---|
| fixed length control field | 00816nam a2200265 a 4500 |
| 001 - CONTROL NUMBER | |
| control field | 19562 |
| 003 - CONTROL NUMBER IDENTIFIER | |
| rucl marc code | (BD-RjUL) |
| 005 - DATE AND TIME OF LATEST TRANSACTION | |
| control field | 20211209000441.0 |
| 008 - FIXED-LENGTH DATA ELEMENTS--GENERAL INFORMATION | |
| fixed length control field | 140225s1967 enk b 000 0 eng |
| 035 ## - SYSTEM CONTROL NUMBER | |
| System control number | ocm04944850 |
| -- | (BD-RjUL)19622 |
| 040 ## - CATALOGING SOURCE | |
| Original cataloging agency | DLC |
| Transcribing agency | ZYU |
| Modifying agency | OCL |
| -- | BD-RjUL |
| Language of cataloging | eng |
| 041 ## - LANGUAGE CODE | |
| Language code of text/sound track or separate title | eng |
| 082 04 - DEWEY DECIMAL CLASSIFICATION NUMBER | |
| Classification number | 822.4 |
| Author mark and year | BER 1967 |
| 100 1# - MAIN ENTRY--PERSONAL NAME | |
| Personal name | Behn, Aphra, |
| Dates associated with a name | 1640-1689. |
| 9 (RLIN) | 60094 |
| 245 14 - TITLE STATEMENT | |
| Title | The rover / |
| Statement of responsibility, etc. | Aphra Behn; edited by Frederick M. Link |
| 260 ## - PUBLICATION, DISTRIBUTION, ETC. (IMPRINT) | |
| Place of publication, distribution, etc. | London : |
| Name of publisher, distributor, etc. | Edward Arnold, |
| Date of publication, distribution, etc. | c1967. |
| 300 ## - PHYSICAL DESCRIPTION | |
| Pagination | xvi, 144 p. ; |
| Size | 21 cm |
| 504 ## - BIBLIOGRAPHY, ETC. NOTE | |
| Bibliography, etc | Bibliographical footnotes |
| 650 07 - SUBJECT ADDED ENTRY--TOPICAL TERM | |
| Source of heading or term | SLSH |
| Topical term or geographic name as entry element | English drama -- Restoration, 1660-1700. |
| 9 (RLIN) | 60095 |
| 700 1# - ADDED ENTRY--PERSONAL NAME | |
| Personal name | Link, Frederick M. |
| 830 #0 - SERIES ADDED ENTRY--UNIFORM TITLE | |
| Uniform title | Regents restoration drama series |
| 942 ## - ADDED ENTRY ELEMENTS (KOHA) | |
| Source of classification or shelving scheme | Dewey Decimal Classification |
| Koha item type | Books |
| Lost status | Source of classification or shelving scheme | Damaged status | Not for loan | Permanent Location | Current Location | Shelving location | Date acquired | Source of acquisition | Cost, normal purchase price | Total Checkouts | Full call number | Date last seen | Copy number | Koha item type |
|---|---|---|---|---|---|---|---|---|---|---|---|---|---|---|
| Dewey Decimal Classification | Not For Loan | Central Library, University of Rajshahi | Central Library, University of Rajshahi | Reading Room | 26/11/1965 | Zeitlinger | 0.21 | 822.4 BER 1967 | 25/02/2014 | C-1 | Books |